Vocabulario bilingüe / (Registro nro. 14960)

Detalles MARC
000 -LIDER
fixed length control field 00766nam a2200265 a 4500
001 - NÚMERO DE CONTROL
Identificador de número de control 000027061
003 - IDENTIFICACDOR DE NÚMERO DE CONTROL
control field DO-SdBPM
005 - DATE AND TIME OF LATEST TRANSACTION
control field 20250226085952.0
008 - ELEMENTOS DE LONGITUD FIJA
fixed length control field 110329s1997 mx a 000 j spa d
020 ## - ISBN
International Standard Book Number 9706111980
040 ## - FUENTE DE CATALOGACIÓN
Agencia que crea de manera original el registro DO-SdBPM
Idioma de catalogación spa
Agencia que realiza la transcripción BPMSU
Convenciones de la despripción rda
082 4# - NÚMERO DE CLASIFICACIÓN DECIMAL DE DEWEY
Classification number 420.03
Item number V872b 1998
Edition number 22
100 1# - ASIENTO PRINCIPAL -- NOMBRE PERSONAL
Nombre personal
245 10 - MENCIÓN DE TITULO
Título Vocabulario bilingüe /
Mención de responsabilidad Walt Disney Company
260 ## - PUBLICACIÓN, DISTRIBUCIÓN, ETC. (PIE DE IMPRENTA)
Lugar de publicación, distribución, etc México :
Nombre del editor, distribuidor, etc. Hachette Latinoamérica,
Fecha de publicación, distribución, etc 1998
300 ## - DESCRIPCIÓN FÍSICA
Extensión 8 volúmenes :
Otros detalles físicos ilustraciones ;
Dimensiones 26 cm.
504 ## - NOTA DE BIBLIOGRAFÍA, ETC.
Bibliography, etc
505 ## - NOTA DE CONTENIDO
Texto normalizado de contenido
590 ## - NOTA LOCAL
Texto de la nota local Inventariado, 2025/VM
650 #4 - ENCABEZAMIENTO DE MATERIA--TEMÁTICO
Término temático o nombre geográfico como elemento de entrada Inglés
Subdivisión temática general Vocabulario
-- Enseñanza
650 #4 - ENCABEZAMIENTO DE MATERIA--TEMÁTICO
Término temático o nombre geográfico como elemento de entrada Libros ilustrados para niños
710 2# - ASIENTO SECUNDARIO -- NOMBRE CORPORATIVO
Nombre corporativo o de jurisdicción Walt Disney Company
910 ## - VALIDACIÓN
Validación Validado. Control de calidad BPMSU
942 ## - ADDED ENTRY ELEMENTS (KOHA)
Koha item type Libros
Source of classification or shelving scheme Dewey Decimal Classification
Existencias
Withdrawn status Lost status Source of classification or shelving scheme Damaged status Not for loan Collection code Home library Current library Date acquired Total Checkouts Full call number Barcode Date last seen Copy number Price effective from Koha item type
    Dewey Decimal Classification     Colección Infantil General Biblioteca Pública Metropolitana Salomé Ureña Biblioteca Pública Metropolitana Salomé Ureña 02/26/2025   BPMSU CGI 420.03 V872b 1998 BPMSU25020054 02/26/2025 v.1 02/26/2025 Libros
    Dewey Decimal Classification     Colección Infantil General Biblioteca Pública Metropolitana Salomé Ureña Biblioteca Pública Metropolitana Salomé Ureña 02/26/2025   BPMSU CGI 420.03 V872b 1998 BPMSU25020055 02/26/2025 v.2 02/26/2025 Libros
    Dewey Decimal Classification     Colección Infantil General Biblioteca Pública Metropolitana Salomé Ureña Biblioteca Pública Metropolitana Salomé Ureña 02/26/2025   BPMSU CGI 420.03 V872b 1998 BPMSU25020056 02/26/2025 v.3 02/26/2025 Libros
    Dewey Decimal Classification     Colección Infantil General Biblioteca Pública Metropolitana Salomé Ureña Biblioteca Pública Metropolitana Salomé Ureña 02/26/2025   BPMSU CGI 420.03 V872b 1998 BPMSU25020057 02/26/2025 v.4 02/26/2025 Libros
    Dewey Decimal Classification     Colección Infantil General Biblioteca Pública Metropolitana Salomé Ureña Biblioteca Pública Metropolitana Salomé Ureña 02/26/2025   BPMSU CGI 420.03 V872b 1998 BPMSU25020058 02/26/2025 v.5 02/26/2025 Libros
    Dewey Decimal Classification     Colección Infantil General Biblioteca Pública Metropolitana Salomé Ureña Biblioteca Pública Metropolitana Salomé Ureña 02/26/2025   BPMSU CGI 420.03 V872b 1998 BPMSU25020059 02/26/2025 v.6 02/26/2025 Libros
    Dewey Decimal Classification     Colección Infantil General Biblioteca Pública Metropolitana Salomé Ureña Biblioteca Pública Metropolitana Salomé Ureña 02/26/2025   BPMSU CGI 420.03 V872b 1998 BPMSU25020060 02/26/2025 v.7 02/26/2025 Libros
    Dewey Decimal Classification     Colección Infantil General Biblioteca Pública Metropolitana Salomé Ureña Biblioteca Pública Metropolitana Salomé Ureña 02/26/2025   BPMSU CGI 420.03 V872b 1998 BPMSU25020061 02/26/2025 v.8 02/26/2025 Libros